LEADER 00984nam0-2200349---450- 001 990009850440403321 005 20140416140303.0 010 $a978-88-15-23907-5 035 $a000985044 035 $aFED01000985044 035 $a(Aleph)000985044FED01 035 $a000985044 100 $a20140416d2013----km-y0itay50------ba 101 0 $aita 102 $aIT 105 $a--------001yy 200 1 $aPsicologia dell'apprendimento e dell'istruzione$fLucia Mason 205 $a2. ed. 210 $aBologna$cil Mulino$d2013 215 $a315 p.$d24 cm 225 1 $aManuali$iPsicologia 320 $aBibliografia: p. 281-308 610 0 $aApprendimento$aAspetti psicologici 676 $a370.1523$v22$zita 700 1$aMason$bLucia$0522692 801 0$aIT$bUNINA$gRICA$2UNIMARC 901 $aBK 912 $a990009850440403321 952 $a370.1523 MAS 1$b6220$fBFS 959 $aBFS 996 $aPsicologia dell'apprendimento e dell'istruzione$9825810 997 $aUNINA LEADER 00863nam0-22003011i-450- 001 990002526500403321 010 $a0412034719 035 $a000252650 035 $aFED01000252650 035 $a(Aleph)000252650FED01 035 $a000252650 100 $a20000920d1993----km-y0itay50------ba 101 0 $aENG 200 1 $aPredictive Inference$eAn Introduction$fSeymour Geisser. 210 $aNew York$cChapman & Hall$d1993. 215 $aIX, 264 p.$d22 cm 225 1 $aMonographs on statistics and applied probability$v55 610 0 $aInferenza statistica, Teoria delle decisioni 676 $a519 700 1$aGeisser,$bSeymour$0102951 801 0$aIT$bUNINA$gRICA$2UNIMARC 901 $aBK 912 $a990002526500403321 952 $aIX-C-28$b2333$fMAS 959 $aMAS 996 $aPredictive Inference$9438739 997 $aUNINA DB $aING01